Clickable Italian Borders By Length Quiz Stats

 Plays Quiz Updated Apr 23, 2021

Support Sporcle.
Go Orange.
Score 0/6 Timer 01:00
4 Plays Today
% Correct
???
100%
???
59.7%
???
53.5%
???
52%
???
49%
???
49%

You're not logged in!

Compare scores with friends on all Sporcle quizzes.
OR
Log In

From the Vault

Celebrity Sorting XX

by WalshyMusic

Does sorting them all into the category of "celebrity" count?
Remove Ads.
Support Sporcle.
Get the best of Sporcle when you Go Orange. This ad-free experience offers more features, more stats, and more fun while also helping to support Sporcle. Thank you for becoming a member.

Show Comments

Extras

Top Quizzes Today


Score Distribution

Your Account Isn't Verified!

In order to create a playlist on Sporcle, you need to verify the email address you used during registration. Go to your Sporcle Settings to finish the process.

Report this User

Report this user for behavior that violates our Community Guidelines.

Details: